Les joueurs avec la meilleure valeur marchande de Premier League - Statistiques

Statistiques générales
  • Ce quiz a été pris 136 fois
  • Le résultat moyen est 9 sur 10
Statistiques - réponses
Rang Club Position Joueur % Correct
1 Manchester City BU Erling Haaland
100%
2 Liverpool AD Mohamed Salah
99%
4 Arsenal AD Bukayo Saka
95%
6 Manchester City AG Phil Foden
93%
3 Chelsea MOC Cole Palmer
91%
7 Manchester City MC Kevin De Bruyne
90%
9 Arsenal MOC Martin Odegaard
90%
5 Tottenham BU Heung Min Son
89%
10 Newcastle BU Alexander Isak
88%
8 Aston Villa BU Ollie Watkins
83%
Aucun quiz correspondant
Distribution des résultats
% des personnes avec chaque résultat
Percentile par nombre de réponses
Votre historique - résultats
Vous n’avez pas pris ce quiz